Southville International School and Colleges
Your cart is empty.
  • Cart
  • Lists
    Public lists Eva Luna New books Lux_list list_1
    Your lists Log in to create your own lists
  • Log in to your account
  • Your cookies
  • Search history
Southville International School and Colleges
  • Advanced search
  • Recent comments
  • Most popular
  • Libraries

Log in to your account

Log in with GOOGLE


If you do not have an external account, but do have a local account, you can still log in:

  1. Home
  2. MARC view: The intel microprocessor family :
Normal view MARC view ISBD view

The intel microprocessor family : (Record no. 24500)

[ view plain ]
MARC details
000 -LEADER
fixed length control field 00589nam a2200193 a 4500
005 - DATE AND TIME OF LATEST TRANSACTION
control field 20140310183525.0
008 - FIXED-LENGTH DATA ELEMENTS--GENERAL INFORMATION
fixed length control field 111001s19uu xx 00 eng d
020 ## - INTERNATIONAL STANDARD BOOK NUMBER
International Standard Book Number 9789814232494
020 ## - INTERNATIONAL STANDARD BOOK NUMBER
International Standard Book Number 9814232491
050 ## - LIBRARY OF CONGRESS CALL NUMBER
Classification number QA 76.5
Item number .An545 2009
100 ## - MAIN ENTRY--PERSONAL NAME
Personal name Antonakos, James
245 ## - TITLE STATEMENT
Title The intel microprocessor family :
Remainder of title hardware and software principles and applications /
Statement of responsibility, etc James Antonakos.
260 ## - PUBLICATION, DISTRIBUTION, ETC. (IMPRINT)
Place of publication, distribution, etc Australia :
Name of publisher, distributor, etc Cengage Learning,
Date of publication, distribution, etc 2009.
300 ## - PHYSICAL DESCRIPTION
Extent 618 p. :
Other physical details ill. ;
Dimensions 28 cm.
521 ## - TARGET AUDIENCE NOTE
Target audience note
650 ## - SUBJECT ADDED ENTRY--TOPICAL TERM
Topical term or geographic name as entry element Intel microprocessor
942 ## - ADDED ENTRY ELEMENTS (KOHA)
Koha item type Books
Source of classification or shelving scheme Library of Congress Classification
Call number prefix Foreign
Holdings
Withdrawn status Lost status Source of classification or shelving scheme Damaged status Home library Current library Shelving location Date acquired Total Checkouts Full call number Barcode Date last seen Copy number Price effective from Koha item type
    Library of Congress Classification   College Library College Library General Circulation Section 10/01/2011   QA 76.5 .An545 2009 C12551 05/15/2018 1 10/18/2013 Books

The intel microprocessor family :

APA

Antonakos J., . (2009). The intel microprocessor family. Australia: Cengage Learning.

Chicago

Antonakos James, . 2009. The intel microprocessor family. Australia: Cengage Learning.

Harvard

Antonakos J., . (2009). The intel microprocessor family. Australia: Cengage Learning.

MLA

Antonakos James, . The intel microprocessor family. Australia: Cengage Learning. 2009.

  • Place hold
  • Print
  • Cite
  • Add to your cart (remove)
  • Save record
    BIBTEX Dublin Core MARCXML MARC (non-Unicode/MARC-8) MARC (Unicode/UTF-8) MARC (Unicode/UTF-8, Standard) MODS (XML) RIS
  • More searches
    Search for this title in:
    Other Libraries (WorldCat) Other Databases (Google Scholar) Online Stores (Bookfinder.com) Open Library (openlibrary.org)

Exporting to Dublin Core...

SOUTHVILLE LIBRARY

Southville International School and Colleges Library

1281 Tropical Ave. Cor. Luxembourg St., BF Homes International, Las Pinas City

Tel. No. 8256374 / 252358 Loc. 117/146

Powered by Koha